000 00492nam a2200157 a 4500
999 _c4433
_d4433
020 _a0070404100 (hardcover)
020 _a9780070404106 (hardcover)
100 1 _aMarriott, Betty Bowers
245 1 0 _aEnvironmental Impact Assessment: a practical guide
250 _a1st ed.
260 _a[S.l.] :
_bMcGraw-Hill Professional,
_c1997.
300 _a320 p. ;
650 _aEnvironmental Management
856 4 0 _uhttp://www.amazon.com/exec/obidos/ASIN/0070404100/chopaconline-20
942 _cBK